| 000 | 00473nam a2200193Ia 4500 | ||
|---|---|---|---|
| 005 | 20250423095615.0 | ||
| 008 | 250422s9999 xx 000 0 und d | ||
| 020 | _a9780071742764 | ||
| 050 | _aRC 636 .H55/ | ||
| 100 | _aHillman, Robert S... [et al.] | ||
| 245 | 0 | _aHematology in clinical practice | |
| 250 | _a5th ed. | ||
| 260 | _aNew York | ||
| 260 | _b McGraw-Hill Medical | ||
| 260 | _c2011 | ||
| 300 | _a503 p | ||
| 650 | _aBlood--Diseases. | ||
| 942 | _cBK | ||
| 999 |
_c30783 _d30783 |
||